• 首页
  • 本馆介绍
  • 公告通知
  • 最新文献
  • 馆藏检索
  • 电子资源
  • 读者荐购
  • 参考咨询
  • CALIS
  • 我的图书馆
  • 登录
  • 详细信息显示
  • 放入我的书架
  • 预约/预借图书
  • 作者相关作品
  • 分类相关作品
  • 丛书相关作品
  • 出版社相关作品

书目信息

  • 表格格式
  • 工作单格式
  • 卡片格式
题名:
中国城市品牌价值报告
    
 
作者: 连玉明 主编
分册: 1  
出版信息: 北京   中国时代经济出版社  2007.09
页数: 431页
开本: 28cm
丛书名:
单 册:
中图分类: F299.23
科图分类:
主题词: 城市管理--cheng shi guan li--研究--中国
电子资源:
ISBN: 978-7-80221-410-1
 
 
 
 
 
000 00831nam0 2200229 450
001 012008442942
005 20080612091239.79
010    @a978-7-80221-410-1@b精装@dCNY168.00
100    @a20080611d2007 em y0chiy0120 ea
101 0  @achi
102    @aCN@b110000
105    @ay z 000yy
106    @ar
200 1  @a中国城市品牌价值报告@Azhong guo cheng shi pin pai jia zhi bao gao@h1@f连玉明主编@Flian yu ming zhu bian
210    @a北京@c中国时代经济出版社@d2007.09
215    @a431页@d28cm
330    @a本书共包括五章,包括:城市品牌概述、中国城市品牌价值评估、中国城市品牌价值分析、提升城市品牌价值的解决方案、感动世界的中国品牌城市。
606 0  @a城市管理@Acheng shi guan li@x研究@y中国
690    @aF299.23@v4
701  0 @a连玉明@Alian yu ming@4主编
801  0 @aCN@bQSSK@c20080612
905    @b725865@dF299.23@eL383:1@f1
    
    中国城市品牌价值报告.1/连玉明主编.-北京:中国时代经济出版社,2007.09
    431页;28cm
    
    
    ISBN 978-7-80221-410-1(精装):CNY168.00
    本书共包括五章,包括:城市品牌概述、中国城市品牌价值评估、中国城市品牌价值分析、提升城市品牌价值的解决方案、感动世界的中国品牌城市。
●
相关链接 在E读中查询图书 在当当中查询图书 在豆瓣中查询图书


正题名:中国城市品牌价值报告     索取号:F299.23/L383:1         预约/预借

序号 登录号 条形码 馆藏地/架位号 状态 备注
1 725865   207258652   社科库409/409社科库 112排2列2层/ [索取号:F299.23/L383:1] 在馆    
河南城建学院图书馆 欢迎您!
大连网信软件有限公司© 版权所有